000
00205 a2200097 4500
020
_a
9789355420909
100
_a
Sierra K.
245
_a
Head First Java
250
_a
3rd ed.
260
_b
SPD O r'eilly
_c
2022
999
_c
357656
_d
357656